<?xml version="1.0" encoding="UTF-8"?>
<record
    xmlns:xsi="http://www.w3.org/2001/XMLSchema-instance"
    xsi:schemaLocation="http://www.loc.gov/MARC21/slim http://www.loc.gov/standards/marcxml/schema/MARC21slim.xsd"
    xmlns="http://www.loc.gov/MARC21/slim">

  <leader>04048nam a2200553Ia 4500</leader>
  <controlfield tag="001">dia_5108</controlfield>
  <controlfield tag="003">CHAP</controlfield>
  <controlfield tag="005">20251216080521.0</controlfield>
  <controlfield tag="008">220117s2016    xx            000 0 und d</controlfield>
  <datafield tag="010" ind1=" " ind2=" ">
    <subfield code="a">175969</subfield>
  </datafield>
  <datafield tag="020" ind1=" " ind2=" ">
    <subfield code="a">978-607-8445-60-8 (v.1) \ 978-607-8445-61-5 (v.2) \ 978-607-8445-62-2 (v.4) \ 978-607-8445-59-2 (v.5) \ 978-607-8445-63-9 (v.8) \ 978-607-8445-64-6 (v.10) \ 978-607-8445-75-2 (v.12)</subfield>
  </datafield>
  <datafield tag="040" ind1=" " ind2=" ">
    <subfield code="c">CHAP</subfield>
  </datafield>
  <datafield tag="082" ind1=" " ind2=" ">
    <subfield code="a">633.73 C46 2016</subfield>
  </datafield>
  <datafield tag="110" ind1=" " ind2=" ">
    <subfield code="a">Centro Nacional de Investigaci&#xF3;n, Innovaci&#xF3;n y Desarrollo Tecnol&#xF3;gico del Caf&#xE9;</subfield>
    <subfield code="9">157615</subfield>
  </datafield>
  <datafield tag="245" ind1=" " ind2=" ">
    <subfield code="a">CENACAFE : investigaci&#xF3;n y transferencia de tecnolog&#xED;a  /</subfield>
    <subfield code="c"> Jos&#xE9; Domingo Robledo Mart&#xED;nez...[et al.] ; coordinaci&#xF3;n Susana C&#xF3;rdova Santamar&#xED;a</subfield>
  </datafield>
  <datafield tag="260" ind1=" " ind2=" ">
    <subfield code="a">M&#xE9;xico  :</subfield>
    <subfield code="b"> CENACAFE  :,</subfield>
    <subfield code="b"> UACh  :,</subfield>
    <subfield code="b"> COFUPRO  :,</subfield>
    <subfield code="b"> SAGARPA,</subfield>
    <subfield code="c">2016</subfield>
  </datafield>
  <datafield tag="300" ind1=" " ind2=" ">
    <subfield code="a">12 v.</subfield>
  </datafield>
  <datafield tag="440" ind1=" " ind2=" ">
    <subfield code="a">CENACAFE : investigaci&#xF3;n y transferencia de tecnolog&#xED;a</subfield>
    <subfield code="9">157616</subfield>
  </datafield>
  <datafield tag="503" ind1=" " ind2=" ">
    <subfield code="a">D.</subfield>
  </datafield>
  <datafield tag="504" ind1=" " ind2=" ">
    <subfield code="a">Incluye bibliograf&#xED;as</subfield>
  </datafield>
  <datafield tag="505" ind1=" " ind2=" ">
    <subfield code="a">v.Buenas pr&#xE1;cticas para la cosecha del caf&#xE9; : manual del t&#xE9;cnico / Jos&#xE9; Domingo Robledo Mart&#xED;nez y Esteban Escamilla Prado \ v.2. Variedades comerciales de caf&#xE9; : una gu&#xED;a descriptiva / Esteban Escamilla Prado, Maricruz Barrera Neri y Cuauhtemoc Cornejo Ch&#xE1;vez \ v.3. Factores agron&#xF3;micos y calidad de caf&#xE9; / V. Horacio Santoyo Cort&#xE9;s...[et al.] \ v.4. Sistemas de cultivo de caf&#xE9; en M&#xE9;xico / Esteban Escamilla Prado y Salvador D&#xED;az C&#xE1;rdenas \ v.5. Variedades de caf&#xE9; en M&#xE9;xico : origen, caracter&#xED;sticas y perspetivas / Alfredo Zamarripa Colmenero y Esteban Escamilla Prado \ v.6. Manual de propagaci&#xF3;n de cafetos injertados / Alejandro Paz Gonz&#xE1;lez y Esteban Escamilla Prado \ v.7. Manual para la estimaci&#xF3;n de cosecha de caf&#xE9; en M&#xE9;xico / Jos&#xE9; Domingo Robledo Mart&#xED;nez y Salvador D&#xED;az C&#xE1;rdenas \ v.8. Caf&#xE9;s diferenciados y de especialidad / Esteban Escamilla Prado y Ces&#xE1;reo Landeros S&#xE1;nchez \ v.9. Manejo de la poda en los cafetos / Esteban Escamilla Prado \ v.10.Calidad en la cadena productiva del caf&#xE9; en M&#xE9;xico / Salvador D&#xED;az C&#xE1;rdenas \ v.1Producci&#xF3;n y manejo de aves de traspatio / &#xC1;ngel Ju&#xE1;rez Z&#xE1;rate \ v.12. El Huatusco de anta&#xF1;o : tradici&#xF3;n y cultura cafetalera / Susana C&#xF3;rdova Santamar&#xED;a</subfield>
  </datafield>
  <datafield tag="590" ind1=" " ind2=" ">
    <subfield code="a">SB269 C46 2016</subfield>
  </datafield>
  <datafield tag="650" ind1=" " ind2=" ">
    <subfield code="a">Coffee beans</subfield>
    <subfield code="x">Crops</subfield>
    <subfield code="x">Mexico  </subfield>
    <subfield code="9">157617</subfield>
  </datafield>
  <datafield tag="650" ind1=" " ind2="0">
    <subfield code="a">Coffee beans</subfield>
    <subfield code="x">Crops</subfield>
    <subfield code="x">History</subfield>
    <subfield code="z">Mexico</subfield>
    <subfield code="z">Huatusco (Veracruz)</subfield>
    <subfield code="9">157618</subfield>
  </datafield>
  <datafield tag="650" ind1=" " ind2="0">
    <subfield code="a">Coffee beans</subfield>
    <subfield code="x">Industry and trade</subfield>
    <subfield code="z">Mexico  </subfield>
    <subfield code="9">157619</subfield>
  </datafield>
  <datafield tag="650" ind1=" " ind2="0">
    <subfield code="a">Coffee beans</subfield>
    <subfield code="x">Quality control</subfield>
    <subfield code="z">Mexico  </subfield>
    <subfield code="9">157620</subfield>
  </datafield>
  <datafield tag="650" ind1=" " ind2=" ">
    <subfield code="a">Coffee beans</subfield>
    <subfield code="x">Varieties  </subfield>
    <subfield code="9">157621</subfield>
  </datafield>
  <datafield tag="650" ind1=" " ind2="0">
    <subfield code="a">Semillas de caf&#xE9;</subfield>
    <subfield code="x">Control de calidad</subfield>
    <subfield code="z">M&#xE9;xico</subfield>
    <subfield code="9">157622</subfield>
  </datafield>
  <datafield tag="650" ind1=" " ind2=" ">
    <subfield code="a">Semillas de caf&#xE9;</subfield>
    <subfield code="x">Cultivo</subfield>
    <subfield code="x">M&#xE9;xico  </subfield>
    <subfield code="9">157623</subfield>
  </datafield>
  <datafield tag="650" ind1=" " ind2="0">
    <subfield code="a">Semillas de caf&#xE9;</subfield>
    <subfield code="x">Cultivo</subfield>
    <subfield code="x">Historia  </subfield>
    <subfield code="z">M&#xE9;xico</subfield>
    <subfield code="z">Huatusco (Veracruz)</subfield>
    <subfield code="9">157624</subfield>
  </datafield>
  <datafield tag="650" ind1=" " ind2="0">
    <subfield code="a">Semillas de caf&#xE9;</subfield>
    <subfield code="x">Industria y comercio</subfield>
    <subfield code="z">M&#xE9;xico  </subfield>
    <subfield code="9">157625</subfield>
  </datafield>
  <datafield tag="650" ind1=" " ind2=" ">
    <subfield code="a">Semillas de caf&#xE9;</subfield>
    <subfield code="x">Variedades  </subfield>
    <subfield code="9">157626</subfield>
  </datafield>
  <datafield tag="700" ind1=" " ind2=" ">
    <subfield code="a">Barrera Neri, Maricruz, coaut. </subfield>
    <subfield code="9">157627</subfield>
  </datafield>
  <datafield tag="700" ind1=" " ind2=" ">
    <subfield code="a">C&#xF3;rdova Santamar&#xED;a, Susana, coord. </subfield>
    <subfield code="9">157628</subfield>
  </datafield>
  <datafield tag="700" ind1=" " ind2=" ">
    <subfield code="a">Cornejo Ch&#xE1;vez, Cuauhtemoc, coaut. </subfield>
    <subfield code="9">157629</subfield>
  </datafield>
  <datafield tag="700" ind1=" " ind2=" ">
    <subfield code="a">D&#xED;az C&#xE1;rdenas, Salvador, coaut. </subfield>
    <subfield code="9">157630</subfield>
  </datafield>
  <datafield tag="700" ind1=" " ind2=" ">
    <subfield code="a">Escamilla Prado, Esteban, coaut. </subfield>
    <subfield code="9">157631</subfield>
  </datafield>
  <datafield tag="700" ind1=" " ind2=" ">
    <subfield code="a">Ju&#xE1;rez Z&#xE1;rate, &#xC1;ngel, coaut.</subfield>
    <subfield code="9">157632</subfield>
  </datafield>
  <datafield tag="700" ind1=" " ind2=" ">
    <subfield code="a">Landeros S&#xE1;nchez, Ces&#xE1;reo, coaut. </subfield>
    <subfield code="9">157633</subfield>
  </datafield>
  <datafield tag="700" ind1=" " ind2=" ">
    <subfield code="a">Paz Gonz&#xE1;lez, Alejandro, coaut. </subfield>
    <subfield code="9">157634</subfield>
  </datafield>
  <datafield tag="700" ind1=" " ind2=" ">
    <subfield code="a">Robledo Mart&#xED;nez, Jos&#xE9; Domingo, coaut. </subfield>
    <subfield code="9">157635</subfield>
  </datafield>
  <datafield tag="700" ind1=" " ind2=" ">
    <subfield code="a">Santoyo Cort&#xE9;s, V. Horacio, coaut. </subfield>
    <subfield code="9">157636</subfield>
  </datafield>
  <datafield tag="700" ind1=" " ind2=" ">
    <subfield code="a">Zamarripa Colmenero, Alfredo, coaut. </subfield>
    <subfield code="9">157637</subfield>
  </datafield>
  <datafield tag="710" ind1=" " ind2=" ">
    <subfield code="a">Centro Nacional de Investigaci&#xF3;n, Innovaci&#xF3;n y Desarrollo Tecnol&#xF3;gico del Caf&#xE9; (CENACAFE) \ Coordinadora Nacional de las Fundaciones Produce (COFRUPO) \ Secretar&#xED;a de Agricultura, Ganader&#xED;a, Desarrollo Rural, Pesca y Alimentaci&#xF3;n (M&#xE9;xico) \ Universidad Aut&#xF3;noma Chapingo</subfield>
    <subfield code="9">157638</subfield>
  </datafield>
  <datafield tag="901" ind1=" " ind2=" ">
    <subfield code="a">633.73 C46 2016</subfield>
  </datafield>
  <datafield tag="902" ind1=" " ind2=" ">
    <subfield code="a">M</subfield>
  </datafield>
  <datafield tag="905" ind1=" " ind2=" ">
    <subfield code="a">5222272016                          mx afmn8225223322spa16</subfield>
  </datafield>
  <datafield tag="942" ind1=" " ind2=" ">
    <subfield code="c">LIBRO</subfield>
    <subfield code="2">ddc</subfield>
  </datafield>
  <datafield tag="999" ind1=" " ind2=" ">
    <subfield code="c">175969</subfield>
    <subfield code="d">175969</subfield>
  </datafield>
  <datafield tag="952" ind1=" " ind2=" ">
    <subfield code="0">0</subfield>
    <subfield code="1">0</subfield>
    <subfield code="2">ddc</subfield>
    <subfield code="4">0</subfield>
    <subfield code="7">0</subfield>
    <subfield code="8">GRAL</subfield>
    <subfield code="a">IA_</subfield>
    <subfield code="b">IA_</subfield>
    <subfield code="d">2022-01-18</subfield>
    <subfield code="f">1</subfield>
    <subfield code="h">Volumen: 12 </subfield>
    <subfield code="l">0</subfield>
    <subfield code="o">633.73 C46 2016</subfield>
    <subfield code="p">dia_011164</subfield>
    <subfield code="r">2022-01-18 00:00:00</subfield>
    <subfield code="t">2</subfield>
    <subfield code="w">2022-01-18</subfield>
    <subfield code="y">LIBRO</subfield>
  </datafield>
  <datafield tag="952" ind1=" " ind2=" ">
    <subfield code="0">0</subfield>
    <subfield code="1">0</subfield>
    <subfield code="2">ddc</subfield>
    <subfield code="4">0</subfield>
    <subfield code="7">0</subfield>
    <subfield code="8">GRAL</subfield>
    <subfield code="a">IA_</subfield>
    <subfield code="b">IA_</subfield>
    <subfield code="d">2022-01-18</subfield>
    <subfield code="f">1</subfield>
    <subfield code="h">Volumen: 1 </subfield>
    <subfield code="l">0</subfield>
    <subfield code="o">633.73 C46 2016</subfield>
    <subfield code="p">dia_011142</subfield>
    <subfield code="r">2022-01-18 00:00:00</subfield>
    <subfield code="t">1</subfield>
    <subfield code="w">2022-01-18</subfield>
    <subfield code="y">LIBRO</subfield>
  </datafield>
  <datafield tag="952" ind1=" " ind2=" ">
    <subfield code="0">0</subfield>
    <subfield code="1">0</subfield>
    <subfield code="2">ddc</subfield>
    <subfield code="4">0</subfield>
    <subfield code="7">0</subfield>
    <subfield code="8">GRAL</subfield>
    <subfield code="a">IA_</subfield>
    <subfield code="b">IA_</subfield>
    <subfield code="d">2022-01-18</subfield>
    <subfield code="f">1</subfield>
    <subfield code="h">Volumen: 1 </subfield>
    <subfield code="l">1</subfield>
    <subfield code="m">1</subfield>
    <subfield code="o">633.73 C46 2016</subfield>
    <subfield code="p">dia_011162</subfield>
    <subfield code="r">2023-06-05 00:00:00</subfield>
    <subfield code="s">2023-05-22</subfield>
    <subfield code="t">2</subfield>
    <subfield code="w">2022-01-18</subfield>
    <subfield code="y">LIBRO</subfield>
  </datafield>
  <datafield tag="952" ind1=" " ind2=" ">
    <subfield code="0">0</subfield>
    <subfield code="1">0</subfield>
    <subfield code="2">ddc</subfield>
    <subfield code="4">0</subfield>
    <subfield code="7">0</subfield>
    <subfield code="8">GRAL</subfield>
    <subfield code="a">IA_</subfield>
    <subfield code="b">IA_</subfield>
    <subfield code="d">2022-01-18</subfield>
    <subfield code="f">1</subfield>
    <subfield code="h">Volumen: 2 </subfield>
    <subfield code="l">0</subfield>
    <subfield code="o">633.73 C46 2016</subfield>
    <subfield code="p">dia_011143</subfield>
    <subfield code="r">2022-01-18 00:00:00</subfield>
    <subfield code="t">1</subfield>
    <subfield code="w">2022-01-18</subfield>
    <subfield code="y">LIBRO</subfield>
  </datafield>
  <datafield tag="952" ind1=" " ind2=" ">
    <subfield code="0">0</subfield>
    <subfield code="1">0</subfield>
    <subfield code="2">ddc</subfield>
    <subfield code="4">0</subfield>
    <subfield code="7">0</subfield>
    <subfield code="8">GRAL</subfield>
    <subfield code="a">IA_</subfield>
    <subfield code="b">IA_</subfield>
    <subfield code="d">2022-01-18</subfield>
    <subfield code="f">1</subfield>
    <subfield code="h">Volumen: 2 </subfield>
    <subfield code="l">0</subfield>
    <subfield code="o">633.73 C46 2016</subfield>
    <subfield code="p">dia_011161</subfield>
    <subfield code="r">2022-01-18 00:00:00</subfield>
    <subfield code="t">2</subfield>
    <subfield code="w">2022-01-18</subfield>
    <subfield code="y">LIBRO</subfield>
  </datafield>
  <datafield tag="952" ind1=" " ind2=" ">
    <subfield code="0">0</subfield>
    <subfield code="1">0</subfield>
    <subfield code="2">ddc</subfield>
    <subfield code="4">0</subfield>
    <subfield code="7">0</subfield>
    <subfield code="8">GRAL</subfield>
    <subfield code="a">IA_</subfield>
    <subfield code="b">IA_</subfield>
    <subfield code="d">2022-01-18</subfield>
    <subfield code="f">1</subfield>
    <subfield code="h">Volumen: 3 </subfield>
    <subfield code="l">0</subfield>
    <subfield code="o">633.73 C46 2016</subfield>
    <subfield code="p">dia_011144</subfield>
    <subfield code="r">2022-01-18 00:00:00</subfield>
    <subfield code="t">1</subfield>
    <subfield code="w">2022-01-18</subfield>
    <subfield code="y">LIBRO</subfield>
  </datafield>
  <datafield tag="952" ind1=" " ind2=" ">
    <subfield code="0">0</subfield>
    <subfield code="1">0</subfield>
    <subfield code="2">ddc</subfield>
    <subfield code="4">0</subfield>
    <subfield code="7">0</subfield>
    <subfield code="8">GRAL</subfield>
    <subfield code="a">IA_</subfield>
    <subfield code="b">IA_</subfield>
    <subfield code="d">2022-01-18</subfield>
    <subfield code="f">1</subfield>
    <subfield code="h">Volumen: 3 </subfield>
    <subfield code="l">1</subfield>
    <subfield code="m">1</subfield>
    <subfield code="o">633.73 C46 2016</subfield>
    <subfield code="p">dia_011156</subfield>
    <subfield code="r">2023-06-05 00:00:00</subfield>
    <subfield code="s">2023-05-22</subfield>
    <subfield code="t">2</subfield>
    <subfield code="w">2022-01-18</subfield>
    <subfield code="y">LIBRO</subfield>
  </datafield>
  <datafield tag="952" ind1=" " ind2=" ">
    <subfield code="0">0</subfield>
    <subfield code="1">0</subfield>
    <subfield code="2">ddc</subfield>
    <subfield code="4">0</subfield>
    <subfield code="7">0</subfield>
    <subfield code="8">GRAL</subfield>
    <subfield code="a">IA_</subfield>
    <subfield code="b">IA_</subfield>
    <subfield code="d">2022-01-18</subfield>
    <subfield code="f">1</subfield>
    <subfield code="h">Volumen: 4 </subfield>
    <subfield code="l">0</subfield>
    <subfield code="o">633.73 C46 2016</subfield>
    <subfield code="p">dia_011160</subfield>
    <subfield code="r">2022-01-18 00:00:00</subfield>
    <subfield code="t">2</subfield>
    <subfield code="w">2022-01-18</subfield>
    <subfield code="y">LIBRO</subfield>
  </datafield>
  <datafield tag="952" ind1=" " ind2=" ">
    <subfield code="0">0</subfield>
    <subfield code="1">0</subfield>
    <subfield code="2">ddc</subfield>
    <subfield code="4">0</subfield>
    <subfield code="7">0</subfield>
    <subfield code="8">GRAL</subfield>
    <subfield code="a">IA_</subfield>
    <subfield code="b">IA_</subfield>
    <subfield code="d">2022-01-18</subfield>
    <subfield code="f">1</subfield>
    <subfield code="h">Volumen: 4 </subfield>
    <subfield code="l">0</subfield>
    <subfield code="o">633.73 C46 2016</subfield>
    <subfield code="p">dia_011145</subfield>
    <subfield code="r">2022-01-18 00:00:00</subfield>
    <subfield code="t">1</subfield>
    <subfield code="w">2022-01-18</subfield>
    <subfield code="y">LIBRO</subfield>
  </datafield>
  <datafield tag="952" ind1=" " ind2=" ">
    <subfield code="0">0</subfield>
    <subfield code="1">0</subfield>
    <subfield code="2">ddc</subfield>
    <subfield code="4">0</subfield>
    <subfield code="7">0</subfield>
    <subfield code="8">GRAL</subfield>
    <subfield code="a">IA_</subfield>
    <subfield code="b">IA_</subfield>
    <subfield code="d">2022-01-18</subfield>
    <subfield code="f">1</subfield>
    <subfield code="h">Volumen: 5 </subfield>
    <subfield code="l">0</subfield>
    <subfield code="o">633.73 C46 2016</subfield>
    <subfield code="p">dia_011146</subfield>
    <subfield code="r">2022-01-18 00:00:00</subfield>
    <subfield code="t">1</subfield>
    <subfield code="w">2022-01-18</subfield>
    <subfield code="y">LIBRO</subfield>
  </datafield>
  <datafield tag="952" ind1=" " ind2=" ">
    <subfield code="0">0</subfield>
    <subfield code="1">0</subfield>
    <subfield code="2">ddc</subfield>
    <subfield code="4">0</subfield>
    <subfield code="7">0</subfield>
    <subfield code="8">GRAL</subfield>
    <subfield code="a">IA_</subfield>
    <subfield code="b">IA_</subfield>
    <subfield code="d">2022-01-18</subfield>
    <subfield code="f">1</subfield>
    <subfield code="h">Volumen: 5 </subfield>
    <subfield code="l">0</subfield>
    <subfield code="o">633.73 C46 2016</subfield>
    <subfield code="p">dia_011159</subfield>
    <subfield code="r">2022-01-18 00:00:00</subfield>
    <subfield code="t">2</subfield>
    <subfield code="w">2022-01-18</subfield>
    <subfield code="y">LIBRO</subfield>
  </datafield>
  <datafield tag="952" ind1=" " ind2=" ">
    <subfield code="0">0</subfield>
    <subfield code="1">0</subfield>
    <subfield code="2">ddc</subfield>
    <subfield code="4">0</subfield>
    <subfield code="7">0</subfield>
    <subfield code="8">GRAL</subfield>
    <subfield code="a">IA_</subfield>
    <subfield code="b">IA_</subfield>
    <subfield code="d">2022-01-18</subfield>
    <subfield code="f">1</subfield>
    <subfield code="h">Volumen: 6 </subfield>
    <subfield code="l">0</subfield>
    <subfield code="o">633.73 C46 2016</subfield>
    <subfield code="p">dia_011147</subfield>
    <subfield code="r">2022-01-18 00:00:00</subfield>
    <subfield code="t">1</subfield>
    <subfield code="w">2022-01-18</subfield>
    <subfield code="y">LIBRO</subfield>
  </datafield>
  <datafield tag="952" ind1=" " ind2=" ">
    <subfield code="0">0</subfield>
    <subfield code="1">0</subfield>
    <subfield code="2">ddc</subfield>
    <subfield code="4">0</subfield>
    <subfield code="7">0</subfield>
    <subfield code="8">GRAL</subfield>
    <subfield code="a">IA_</subfield>
    <subfield code="b">IA_</subfield>
    <subfield code="d">2022-01-18</subfield>
    <subfield code="f">1</subfield>
    <subfield code="h">Volumen: 6 </subfield>
    <subfield code="l">0</subfield>
    <subfield code="o">633.73 C46 2016</subfield>
    <subfield code="p">dia_011155</subfield>
    <subfield code="r">2022-01-18 00:00:00</subfield>
    <subfield code="t">2</subfield>
    <subfield code="w">2022-01-18</subfield>
    <subfield code="y">LIBRO</subfield>
  </datafield>
  <datafield tag="952" ind1=" " ind2=" ">
    <subfield code="0">0</subfield>
    <subfield code="1">0</subfield>
    <subfield code="2">ddc</subfield>
    <subfield code="4">0</subfield>
    <subfield code="7">0</subfield>
    <subfield code="8">GRAL</subfield>
    <subfield code="a">IA_</subfield>
    <subfield code="b">IA_</subfield>
    <subfield code="d">2022-01-18</subfield>
    <subfield code="f">1</subfield>
    <subfield code="h">Volumen: 7 </subfield>
    <subfield code="l">0</subfield>
    <subfield code="o">633.73 C46 2016</subfield>
    <subfield code="p">dia_011148</subfield>
    <subfield code="r">2022-01-18 00:00:00</subfield>
    <subfield code="t">1</subfield>
    <subfield code="w">2022-01-18</subfield>
    <subfield code="y">LIBRO</subfield>
  </datafield>
  <datafield tag="952" ind1=" " ind2=" ">
    <subfield code="0">0</subfield>
    <subfield code="1">0</subfield>
    <subfield code="2">ddc</subfield>
    <subfield code="4">0</subfield>
    <subfield code="7">0</subfield>
    <subfield code="8">GRAL</subfield>
    <subfield code="a">IA_</subfield>
    <subfield code="b">IA_</subfield>
    <subfield code="d">2022-01-18</subfield>
    <subfield code="f">1</subfield>
    <subfield code="h">Volumen: 7 </subfield>
    <subfield code="l">0</subfield>
    <subfield code="o">633.73 C46 2016</subfield>
    <subfield code="p">dia_011154</subfield>
    <subfield code="r">2022-01-18 00:00:00</subfield>
    <subfield code="t">2</subfield>
    <subfield code="w">2022-01-18</subfield>
    <subfield code="y">LIBRO</subfield>
  </datafield>
  <datafield tag="952" ind1=" " ind2=" ">
    <subfield code="0">0</subfield>
    <subfield code="1">0</subfield>
    <subfield code="2">ddc</subfield>
    <subfield code="4">0</subfield>
    <subfield code="7">0</subfield>
    <subfield code="8">GRAL</subfield>
    <subfield code="a">IA_</subfield>
    <subfield code="b">IA_</subfield>
    <subfield code="d">2022-01-18</subfield>
    <subfield code="f">1</subfield>
    <subfield code="h">Volumen: 8 </subfield>
    <subfield code="l">1</subfield>
    <subfield code="o">633.73 C46 2016</subfield>
    <subfield code="p">dia_011149</subfield>
    <subfield code="r">2024-08-19 18:25:53</subfield>
    <subfield code="s">2024-08-19</subfield>
    <subfield code="t">1</subfield>
    <subfield code="w">2022-01-18</subfield>
    <subfield code="y">LIBRO</subfield>
  </datafield>
  <datafield tag="952" ind1=" " ind2=" ">
    <subfield code="0">0</subfield>
    <subfield code="1">0</subfield>
    <subfield code="2">ddc</subfield>
    <subfield code="4">0</subfield>
    <subfield code="7">0</subfield>
    <subfield code="8">GRAL</subfield>
    <subfield code="a">IA_</subfield>
    <subfield code="b">IA_</subfield>
    <subfield code="d">2022-01-18</subfield>
    <subfield code="f">1</subfield>
    <subfield code="h">Volumen: 8 </subfield>
    <subfield code="l">1</subfield>
    <subfield code="o">633.73 C46 2016</subfield>
    <subfield code="p">dia_011158</subfield>
    <subfield code="r">2025-10-28 13:48:20</subfield>
    <subfield code="s">2025-10-28</subfield>
    <subfield code="t">2</subfield>
    <subfield code="w">2022-01-18</subfield>
    <subfield code="y">LIBRO</subfield>
  </datafield>
  <datafield tag="952" ind1=" " ind2=" ">
    <subfield code="0">0</subfield>
    <subfield code="1">0</subfield>
    <subfield code="2">ddc</subfield>
    <subfield code="4">0</subfield>
    <subfield code="7">0</subfield>
    <subfield code="8">GRAL</subfield>
    <subfield code="a">IA_</subfield>
    <subfield code="b">IA_</subfield>
    <subfield code="d">2022-01-18</subfield>
    <subfield code="f">1</subfield>
    <subfield code="h">Volumen: 9 </subfield>
    <subfield code="l">0</subfield>
    <subfield code="o">633.73 C46 2016</subfield>
    <subfield code="p">dia_011150</subfield>
    <subfield code="r">2022-01-18 00:00:00</subfield>
    <subfield code="t">1</subfield>
    <subfield code="w">2022-01-18</subfield>
    <subfield code="y">LIBRO</subfield>
  </datafield>
  <datafield tag="952" ind1=" " ind2=" ">
    <subfield code="0">0</subfield>
    <subfield code="1">0</subfield>
    <subfield code="2">ddc</subfield>
    <subfield code="4">0</subfield>
    <subfield code="7">0</subfield>
    <subfield code="8">GRAL</subfield>
    <subfield code="a">IA_</subfield>
    <subfield code="b">IA_</subfield>
    <subfield code="d">2022-01-18</subfield>
    <subfield code="f">1</subfield>
    <subfield code="h">Volumen: 9 </subfield>
    <subfield code="l">0</subfield>
    <subfield code="o">633.73 C46 2016</subfield>
    <subfield code="p">dia_011153</subfield>
    <subfield code="r">2022-01-18 00:00:00</subfield>
    <subfield code="t">2</subfield>
    <subfield code="w">2022-01-18</subfield>
    <subfield code="y">LIBRO</subfield>
  </datafield>
  <datafield tag="952" ind1=" " ind2=" ">
    <subfield code="0">0</subfield>
    <subfield code="1">0</subfield>
    <subfield code="2">ddc</subfield>
    <subfield code="4">0</subfield>
    <subfield code="7">0</subfield>
    <subfield code="8">GRAL</subfield>
    <subfield code="a">IA_</subfield>
    <subfield code="b">IA_</subfield>
    <subfield code="d">2022-01-18</subfield>
    <subfield code="f">1</subfield>
    <subfield code="h">Volumen: 10 </subfield>
    <subfield code="l">0</subfield>
    <subfield code="o">633.73 C46 2016</subfield>
    <subfield code="p">dia_011151</subfield>
    <subfield code="r">2022-01-18 00:00:00</subfield>
    <subfield code="t">1</subfield>
    <subfield code="w">2022-01-18</subfield>
    <subfield code="y">LIBRO</subfield>
  </datafield>
  <datafield tag="952" ind1=" " ind2=" ">
    <subfield code="0">0</subfield>
    <subfield code="1">0</subfield>
    <subfield code="2">ddc</subfield>
    <subfield code="4">0</subfield>
    <subfield code="7">0</subfield>
    <subfield code="8">GRAL</subfield>
    <subfield code="a">IA_</subfield>
    <subfield code="b">IA_</subfield>
    <subfield code="d">2022-01-18</subfield>
    <subfield code="f">1</subfield>
    <subfield code="h">Volumen: 10 </subfield>
    <subfield code="l">1</subfield>
    <subfield code="m">1</subfield>
    <subfield code="o">633.73 C46 2016</subfield>
    <subfield code="p">dia_011179</subfield>
    <subfield code="r">2023-06-05 00:00:00</subfield>
    <subfield code="s">2023-05-22</subfield>
    <subfield code="t">2</subfield>
    <subfield code="w">2022-01-18</subfield>
    <subfield code="y">LIBRO</subfield>
  </datafield>
  <datafield tag="952" ind1=" " ind2=" ">
    <subfield code="0">0</subfield>
    <subfield code="1">0</subfield>
    <subfield code="2">ddc</subfield>
    <subfield code="4">0</subfield>
    <subfield code="7">0</subfield>
    <subfield code="8">GRAL</subfield>
    <subfield code="a">IA_</subfield>
    <subfield code="b">IA_</subfield>
    <subfield code="d">2022-01-18</subfield>
    <subfield code="f">1</subfield>
    <subfield code="h">Volumen: 11 </subfield>
    <subfield code="l">0</subfield>
    <subfield code="o">633.73 C46 2016</subfield>
    <subfield code="p">dia_011152</subfield>
    <subfield code="r">2022-01-18 00:00:00</subfield>
    <subfield code="t">1</subfield>
    <subfield code="w">2022-01-18</subfield>
    <subfield code="y">LIBRO</subfield>
  </datafield>
  <datafield tag="952" ind1=" " ind2=" ">
    <subfield code="0">0</subfield>
    <subfield code="1">0</subfield>
    <subfield code="2">ddc</subfield>
    <subfield code="4">0</subfield>
    <subfield code="7">0</subfield>
    <subfield code="8">GRAL</subfield>
    <subfield code="a">IA_</subfield>
    <subfield code="b">IA_</subfield>
    <subfield code="d">2022-01-18</subfield>
    <subfield code="f">1</subfield>
    <subfield code="h">Volumen: 11 </subfield>
    <subfield code="l">0</subfield>
    <subfield code="o">633.73 C46 2016</subfield>
    <subfield code="p">dia_011157</subfield>
    <subfield code="r">2022-01-18 00:00:00</subfield>
    <subfield code="t">2</subfield>
    <subfield code="w">2022-01-18</subfield>
    <subfield code="y">LIBRO</subfield>
  </datafield>
  <datafield tag="952" ind1=" " ind2=" ">
    <subfield code="0">0</subfield>
    <subfield code="1">0</subfield>
    <subfield code="2">ddc</subfield>
    <subfield code="4">0</subfield>
    <subfield code="7">0</subfield>
    <subfield code="8">GRAL</subfield>
    <subfield code="a">IA_</subfield>
    <subfield code="b">IA_</subfield>
    <subfield code="d">2022-01-18</subfield>
    <subfield code="f">1</subfield>
    <subfield code="h">Volumen: 12 </subfield>
    <subfield code="l">0</subfield>
    <subfield code="o">633.73 C46 2016</subfield>
    <subfield code="p">dia_011163</subfield>
    <subfield code="r">2022-01-18 00:00:00</subfield>
    <subfield code="t">1</subfield>
    <subfield code="w">2022-01-18</subfield>
    <subfield code="y">LIBRO</subfield>
  </datafield>
</record>
